003780000a2200133000450000500170000008200210001710000190003810000190005724500720007626000360014826000090018430000080019365000430020120250903143635.0 a583.380 4133 KLU aKluge, Manfred aTing, Irwin .P aCrassulacean Acid Metabolism: Analysis of an Ecological Adaptation. aBerlin, Springer - verlagc1978 c1978 a209 aAcid Metabolism/Ecologocal Adaptation/